[Event "Guelph op"]
[Site "Guelph CAN"]
[Date "2004.08.01"]
[Round "8"]
[White "Wang, David"]
[Black "Buscar, Michael"]
[Result "1/2-1/2"]
[WhiteElo "2110"]
[BlackElo "2068"]
[PlyCount "74"]
[GameId "2160767911094929"]
[EventDate "2004.07.28"]
[EventType "swiss"]
[EventRounds "9"]
[EventCountry "CAN"]
[SourceTitle "CBM 101 Extra"]
[Source "ChessBase"]
[SourceDate "2004.09.01"]
[SourceVersion "2"]
[SourceVersionDate "2004.09.01"]
[SourceQuality "1"]

1. e4 c5 2. Nf3 Nc6 3. d4 cxd4 4. Nxd4 Nf6 5. Nc3 e5 6. Ndb5 h6 7. Nd5 Nxd5 8. exd5 a6 9. dxc6 axb5 10. cxd7+ Bxd7 11. Be2 Be7 12. O-O O-O 13. Qd5 Qc7 14. Bxb5 Be6 15. Qf3 Rxa2 16. Rxa2 Bxa2 17. Bd3 Be6 18. Re1 f5 19. Bf4 Bd6 20. Qd1 Bf7 21. Bg3 e4 22. Bxd6 Qxd6 23. Bc4 Qf6 24. Bxf7+ Rxf7 25. c3 Kh7 26. Qd5 Re7 27. h3 Qg6 28. Qd2 Qf6 29. Qd5 g5 30. Rd1 f4 31. Qd6 Kg6 32. Qd8 Re6 33. Qd5 b6 34. c4 Qf5 35. b4 Qxd5 36. Rxd5 Kf6 37. Kf1 Rc6 1/2-1/2

[Event "Guelph op"]
[Site "Guelph CAN"]
[Date "2004.08.02"]
[Round "9"]
[White "Barsov, Alexei"]
[Black "Noritsyn, Nikolay"]
[Result "1/2-1/2"]
[WhiteElo "2497"]
[BlackElo "2175"]
[PlyCount "39"]
[GameId "2160767911094930"]
[EventDate "2004.07.28"]
[EventType "swiss"]
[EventRounds "9"]
[EventCountry "CAN"]
[SourceTitle "CBM 101 Extra"]
[Source "ChessBase"]
[SourceDate "2004.09.01"]
[SourceVersion "2"]
[SourceVersionDate "2004.09.01"]
[SourceQuality "1"]

1. d4 d5 2. c4 e6 3. Nc3 Be7 4. cxd5 exd5 5. Bf4 c6 6. e3 Bf5 7. Nge2 Nf6 8. Ng3 Bg6 9. h4 h5 10. Bd3 Bxd3 11. Qxd3 g6 12. O-O-O Nbd7 13. e4 dxe4 14. Ngxe4 O-O 15. Ng5 Qa5 16. d5 Nc5 17. Qf3 Nxd5 18. Nxd5 cxd5 19. Kb1 Ne4 20. Nxe4 1/2-1/2

[Event "Guelph op"]
[Site "Guelph CAN"]
[Date "2004.08.02"]
[Round "9"]
[White "Dougherty, Michael"]
[Black "Thavandiran, Shiyam"]
[Result "1-0"]
[WhiteElo "2229"]
[BlackElo "2103"]
[PlyCount "67"]
[GameId "2160767911094931"]
[EventDate "2004.07.28"]
[EventType "swiss"]
[EventRounds "9"]
[EventCountry "CAN"]
[SourceTitle "CBM 101 Extra"]
[Source "ChessBase"]
[SourceDate "2004.09.01"]
[SourceVersion "2"]
[SourceVersionDate "2004.09.01"]
[SourceQuality "1"]

1. Nf3 Nf6 2. c4 e6 3. d4 b6 4. Bf4 Bb7 5. e3 Bb4+ 6. Nc3 Ne4 7. Qc2 O-O 8. h4 h6 9. Nd2 f5 10. f3 Nxd2 11. Kxd2 d6 12. Rd1 e5 13. dxe5 dxe5+ 14. Kc1 Qe7 15. Bg3 Nd7 16. Bd3 Qe6 17. Nd5 Bd6 18. e4 f4 19. Bf2 c6 20. Nxf4 exf4 21. c5 Ne5 22. cxd6 Rad8 23. Be2 Qxa2 24. Qc3 Qe6 25. g3 Rxd6 26. gxf4 Rxf4 27. Bg3 Rxd1+ 28. Rxd1 Qf6 29. h5 Nxf3 30. Qxf6 Rxf6 31. Rd8+ Kh7 32. e5 Rf5 33. Bd3 g6 34. Bxf5 1-0

[Event "Guelph op"]
[Site "Guelph CAN"]
[Date "2004.08.02"]
[Round "9"]
[White "Jonkman, Harmen"]
[Black "Harper, Ryan"]
[Result "0-1"]
[WhiteElo "2425"]
[BlackElo "2207"]
[PlyCount "144"]
[GameId "2160767911094933"]
[EventDate "2004.07.28"]
[EventType "swiss"]
[EventRounds "9"]
[EventCountry "CAN"]
[SourceTitle "CBM 101 Extra"]
[Source "ChessBase"]
[SourceDate "2004.09.01"]
[SourceVersion "2"]
[SourceVersionDate "2004.09.01"]
[SourceQuality "1"]

1. e4 c5 2. c3 Nf6 3. e5 Nd5 4. Nf3 e6 5. d4 cxd4 6. cxd4 d6 7. a3 Bd7 8. Bd3 Bc6 9. O-O Nd7 10. b4 a6 11. Re1 Be7 12. Nbd2 Nc3 13. Qb3 Rc8 14. exd6 Bxd6 15. Bc4 b5 16. Bxe6 O-O 17. Bb2 Na4 18. Bf5 Nab6 19. Be4 Nf6 20. Bxc6 Rxc6 21. Ne4 Nfd5 22. Ne5 Bxe5 23. dxe5 Rh6 24. Rad1 Qh4 25. h3 Nf4 26. Bc1 Rg6 27. Bxf4 Qxf4 28. Nd6 h5 29. g3 Qg5 30. Re4 Qe7 31. Qe3 Nc8 32. Nf5 Qg5 33. Qf3 Ne7 34. Rf4 Re6 35. Nd6 Ng6 36. Nxf7 Qe7 37. Rf5 Rxf7 38. Rxf7 Qxf7 39. Rd8+ Re8 40. Rxe8+ Qxe8 41. Qxh5 Qe6 42. f4 Nf8 43. h4 Qb3 44. Qg5 Qxa3 45. h5 Qc1+ 46. Kh2 Qd2+ 47. Kh3 Qe1 48. Qd8 Qe4 49. Kg4 Qc4 50. Kh4 Qf7 51. Qd6 Qf5 52. Qxa6 g6 53. g4 Qxf4 54. hxg6 Qxe5 55. Qc6 Kg7 56. Qb7+ Kxg6 57. Kh3 Ne6 58. Qc6 Kg5 59. Qc1+ Nf4+ 60. Kg3 Qc3+ 61. Qxc3 Ne2+ 62. Kf3 Nxc3 63. Ke3 Kxg4 64. Kd3 Na4 65. Ke4 Kg3 66. Ke3 Kg2 67. Ke2 Kg1 68. Ke1 Nc3 69. Kd2 Nd5 70. Kd3 Nxb4+ 71. Kd4 Nc6+ 72. Kc5 b4 0-1

[Event "Guelph op"]
[Site "Guelph CAN"]
[Date "2004.08.02"]
[Round "9"]
[White "Kret, Ted"]
[Black "Wang, David"]
[Result "1-0"]
[WhiteElo "2143"]
[BlackElo "2110"]
[PlyCount "55"]
[GameId "2160767911094934"]
[EventDate "2004.07.28"]
[EventType "swiss"]
[EventRounds "9"]
[EventCountry "CAN"]
[SourceTitle "CBM 101 Extra"]
[Source "ChessBase"]
[SourceDate "2004.09.01"]
[SourceVersion "2"]
[SourceVersionDate "2004.09.01"]
[SourceQuality "1"]

1. d4 d5 2. c4 dxc4 3. Nf3 Nf6 4. e3 e6 5. Bxc4 a6 6. O-O c5 7. Bb3 Nc6 8. Qe2 cxd4 9. Rd1 Be7 10. exd4 O-O 11. Bg5 h6 12. Bh4 Nb4 13. Nc3 Nbd5 14. Ne5 Re8 15. Rac1 Nxc3 16. bxc3 Nd5 17. Qh5 Bxh4 18. Qxf7+ Kh8 19. Ng6+ Kh7 20. Nxh4 Nf6 21. Re1 Bd7 22. Re3 Nd5 23. Rg3 Qf6 24. Bc2+ Kh8 25. Ng6+ Kh7 26. Qxd7 Kg8 27. Rf3 Rad8 28. Qxb7 1-0

[Event "Guelph op"]
[Site "Guelph CAN"]
[Date "2004.08.02"]
[Round "9"]
[White "Lapshun, Yury"]
[Black "Stevens, Christian"]
[Result "1-0"]
[WhiteElo "2444"]
[BlackElo "2266"]
[PlyCount "76"]
[GameId "2160767911094935"]
[EventDate "2004.07.28"]
[EventType "swiss"]
[EventRounds "9"]
[EventCountry "CAN"]
[SourceTitle "CBM 101 Extra"]
[Source "ChessBase"]
[SourceDate "2004.09.01"]
[SourceVersion "2"]
[SourceVersionDate "2004.09.01"]
[SourceQuality "1"]

1. b4 c6 2. Bb2 Qb6 3. a3 a5 4. c4 d6 5. d4 e5 6. Qd2 Be6 7. c5 Qc7 8. Nf3 Nd7 9. e3 Ngf6 10. Nc3 Be7 11. Be2 O-O 12. O-O Rfd8 13. Qc2 dxc5 14. bxc5 exd4 15. exd4 Nd5 16. Ne4 Nf4 17. Bc4 Bxc4 18. Qxc4 Nf6 19. Ne5 N6d5 20. Rfe1 f6 21. Nf3 Bf8 22. Bc1 Qf7 23. Bxf4 Nxf4 24. Qxf7+ Kxf7 25. Rab1 Rd7 26. Neg5+ Kg8 27. Ne6 Nd5 28. Kf1 Re8 29. Rb2 Rde7 30. Nxf8 Kxf8 31. Rxe7 Rxe7 32. Nd2 Nc3 33. Nc4 Rd7 34. Nd6 Nb5 35. Nxb5 cxb5 36. Rxb5 Rxd4 37. Rxa5 Rd2 38. Ra8+ Ke7 1-0

[Event "Guelph op"]
[Site "Guelph CAN"]
[Date "2004.08.02"]
[Round "9"]
[White "MacPhail, John"]
[Black "Tseitlin, Mark D"]
[Result "1-0"]
[WhiteElo "2339"]
[BlackElo "2484"]
[PlyCount "107"]
[GameId "2160767911094936"]
[EventDate "2004.07.28"]
[EventType "swiss"]
[EventRounds "9"]
[EventCountry "CAN"]
[SourceTitle "CBM 101 Extra"]
[Source "ChessBase"]
[SourceDate "2004.09.01"]
[SourceVersion "2"]
[SourceVersionDate "2004.09.01"]
[SourceQuality "1"]

1. e4 c5 2. Nf3 Nc6 3. d4 cxd4 4. Nxd4 Nf6 5. Nc3 d6 6. Bg5 e6 7. Qd2 a6 8. O-O-O Be7 9. f4 Bd7 10. Be2 Rc8 11. Rhe1 b5 12. Bxb5 axb5 13. Ndxb5 O-O 14. Nxd6 Rb8 15. e5 Nd5 16. Nxd5 Bxg5 17. Nc3 Bh6 18. g3 Na5 19. h4 Bc6 20. Qf2 Qc7 21. Rd3 f6 22. exf6 Rxf6 23. Qc5 Nb7 24. Qa7 Rd8 25. Nde4 Rff8 26. Rxd8 Rxd8 27. Ng5 Bxg5 28. hxg5 Bd5 29. Re5 Qc6 30. Qe3 Nd6 31. Qe1 Nc4 32. Nxd5 exd5 33. Re6 Nd6 34. Qe5 Qc5 35. Re7 Qg1+ 36. Qe1 Qxe1+ 37. Rxe1 Ne4 38. Re3 Kf7 39. a4 Kg6 40. a5 Kf5 41. a6 Ra8 42. Ra3 Nd6 43. b4 Nc4 44. Ra4 Nb6 45. Ra5 Ke4 46. a7 Nc4 47. Ra6 Kd4 48. f5 Ne5 49. b5 Kc5 50. Re6 Nc4 51. Re7 Kb6 52. Rxg7 Rxa7 53. Rxa7 Kxa7 54. g6 1-0

[Event "Guelph op"]
[Site "Guelph CAN"]
[Date "2004.08.02"]
[Round "9"]
[White "Peng, David Yu"]
[Black "Filipovich, David"]
[Result "1/2-1/2"]
[WhiteElo "2038"]
[BlackElo "2210"]
[PlyCount "47"]
[GameId "2160767911094937"]
[EventDate "2004.07.28"]
[EventType "swiss"]
[EventRounds "9"]
[EventCountry "CAN"]
[SourceTitle "CBM 101 Extra"]
[Source "ChessBase"]
[SourceDate "2004.09.01"]
[SourceVersion "2"]
[SourceVersionDate "2004.09.01"]
[SourceQuality "1"]

1. e4 g6 2. d4 Bg7 3. Nc3 d6 4. Bc4 Nf6 5. f3 c6 6. Bb3 Nbd7 7. Be3 b5 8. d5 Bb7 9. dxc6 Bxc6 10. Nge2 b4 11. Nd5 a5 12. c3 O-O 13. O-O Bxd5 14. exd5 Nb6 15. a4 bxc3 16. Nxc3 Qc7 17. Qe2 Qb7 18. Qb5 Nfd7 19. Rfe1 Rfc8 20. Rad1 Nc5 21. Bc2 Rab8 22. Bd4 Bf6 23. Re2 Qd7 24. Bxf6 1/2-1/2

[Event "Guelph op"]
[Site "Guelph CAN"]
[Date "2004.08.02"]
[Round "9"]
[White "Peredun, Andrew"]
[Black "Divljan, Igor"]
[Result "1-0"]
[WhiteElo "2303"]
[BlackElo "2317"]
[PlyCount "56"]
[GameId "2160767911094938"]
[EventDate "2004.07.28"]
[EventType "swiss"]
[EventRounds "9"]
[EventCountry "CAN"]
[SourceTitle "CBM 101 Extra"]
[Source "ChessBase"]
[SourceDate "2004.09.01"]
[SourceVersion "2"]
[SourceVersionDate "2004.09.01"]
[SourceQuality "1"]

1. e4 c5 2. Nf3 e6 3. d4 cxd4 4. Nxd4 Nc6 5. Nc3 Qc7 6. g3 a6 7. Bg2 Nf6 8. O-O h6 9. Re1 Nxd4 10. Qxd4 Bc5 11. Qd1 e5 12. Nd5 Nxd5 13. Qxd5 d6 14. Be3 Bd4 15. Bxd4 Be6 16. Bxe5 Bxd5 17. Bxg7 Bxa2 18. Bxh8 Be6 19. c3 Ke7 20. Bd4 h5 21. Be3 h4 22. Rad1 hxg3 23. hxg3 Rd8 24. Rd4 Qa5 25. Bf4 Qh5 26. Red1 Bg4 27. R1d3 Be2 28. Rd2 Bf3 1-0

[Event "Guelph op"]
[Site "Guelph CAN"]
[Date "2004.08.02"]
[Round "9"]
[White "Predescu, Sebastian"]
[Black "Henry, Liam"]
[Result "0-1"]
[WhiteElo "2221"]
[BlackElo "2062"]
[PlyCount "56"]
[GameId "2160767911094939"]
[EventDate "2004.07.28"]
[EventType "swiss"]
[EventRounds "9"]
[EventCountry "CAN"]
[SourceTitle "CBM 101 Extra"]
[Source "ChessBase"]
[SourceDate "2004.09.01"]
[SourceVersion "2"]
[SourceVersionDate "2004.09.01"]
[SourceQuality "1"]

1. e4 c5 2. Nf3 d6 3. d4 cxd4 4. Nxd4 Nf6 5. Nc3 a6 6. f3 e5 7. Nb3 Be6 8. Be3 Nbd7 9. Qd2 b5 10. O-O-O Nb6 11. Qf2 Nc4 12. Bxc4 bxc4 13. Nc5 Qc7 14. N5a4 Rb8 15. g4 Nd7 16. g5 Qc6 17. a3 Be7 18. f4 exf4 19. Bxf4 O-O 20. h4 Nb6 21. Nxb6 Rxb6 22. Nd5 Bxd5 23. exd5 Qb5 24. c3 Rfb8 25. Rd2 Qb3 26. Rc2 Qa2 27. Re1 Rxb2 28. Rxe7 Qb1+ 0-1

[Event "Guelph op"]
[Site "Guelph CAN"]
[Date "2004.08.02"]
[Round "9"]
[White "Quan Zhe"]
[Black "Moiseenko, Alexander"]
[Result "0-1"]
[WhiteElo "2324"]
[BlackElo "2640"]
[PlyCount "94"]
[GameId "2160767911094940"]
[EventDate "2004.07.28"]
[EventType "swiss"]
[EventRounds "9"]
[EventCountry "CAN"]
[SourceTitle "CBM 101 Extra"]
[Source "ChessBase"]
[SourceDate "2004.09.01"]
[SourceVersion "2"]
[SourceVersionDate "2004.09.01"]
[SourceQuality "1"]

1. d4 e6 2. c4 f5 3. g3 Nf6 4. Bg2 c6 5. Nf3 d5 6. b3 Bd6 7. O-O Qe7 8. Bb2 O-O 9. Qc1 b5 10. Nbd2 a5 11. Ne5 Ba6 12. Qc2 Rc8 13. c5 Bc7 14. Ndf3 Qe8 15. Ne1 Nbd7 16. N1d3 Nxe5 17. dxe5 Nd7 18. f4 b4 19. a4 bxa3 20. Rxa3 Rcb8 21. Bd4 Rb7 22. Rc1 Rab8 23. Be3 Qf8 24. Kh1 Bd8 25. Bd2 Bxd3 26. exd3 Nxc5 27. Qxc5 Be7 28. Qxc6 Rb6 29. Qd7 Bxa3 30. Ra1 R8b7 31. Qa4 Rxb3 32. h3 Rxd3 33. Qc6 Qe7 34. Qc8+ Kf7 35. Bxa5 Rxg3 36. Rd1 Rb2 37. Rd2 Rxd2 38. Bxd2 Rd3 39. Qc2 Rd4 40. Be3 Rc4 41. Qd3 g6 42. Kh2 Kg7 43. Bd2 Bc1 44. Bxc1 Rxc1 45. Qb5 Qa7 46. Qb4 Qg1+ 47. Kg3 Qe1+ 0-1

[Event "Guelph op U2000"]
[Site "Guelph CAN"]
[Date "2004.07.29"]
[Round "1"]
[White "Dutton, Mark"]
[Black "Szucs, Nadia"]
[Result "0-1"]
[WhiteElo "1912"]
[BlackElo "1740"]
[PlyCount "96"]
[GameId "2160767911096128"]
[EventDate "2004.07.??"]
[EventType "swiss"]
[EventRounds "9"]
[EventCountry "CAN"]
[SourceTitle "EXT 2006"]
[Source "ChessBase"]
[SourceDate "2005.11.24"]
[SourceVersion "1"]
[SourceVersionDate "2005.11.24"]
[SourceQuality "1"]

1. Nf3 Nf6 2. g3 d6 3. d4 c6 4. Bg2 Bf5 5. O-O Nbd7 6. c4 e5 7. Nc3 Be7 8. Re1 Bg4 9. h3 Bh5 10. e4 Qb6 11. d5 Nc5 12. Na4 Qb4 13. Nxc5 Qxc5 14. b3 cxd5 15. exd5 e4 16. Qe2 Qc7 17. Bg5 exf3 18. Bxf3 Bxf3 19. Qxf3 O-O 20. Re2 Bd8 21. Rae1 Qc5 22. Be3 Qc8 23. Kg2 Nd7 24. Bd4 Bf6 25. Bxf6 Nxf6 26. Qf4 Qc5 27. g4 Rfe8 28. g5 Rxe2 29. Rxe2 Re8 30. Rxe8+ Nxe8 31. Qf5 Qc7 32. f4 Qe7 33. Qc2 f6 34. h4 fxg5 35. hxg5 g6 36. Qf2 b6 37. Kg3 Ng7 38. a4 Nf5+ 39. Kf3 Qg7 40. Kg2 Qd4 41. Qe2 Qe3 42. Qxe3 Nxe3+ 43. Kf3 Nc2 44. Ke4 a5 45. f5 gxf5+ 46. Kxf5 Kf7 47. Ke4 Kg6 48. Kf4 Nd4 0-1

[Event "Guelph op U2000"]
[Site "Guelph CAN"]
[Date "2004.07.29"]
[Round "2"]
[White "Ang, Alan"]
[Black "Dutton, Mark"]
[Result "1-0"]
[WhiteElo "1731"]
[BlackElo "1912"]
[PlyCount "73"]
[GameId "2160767911096129"]
[EventDate "2004.07.??"]
[EventType "swiss"]
[EventRounds "9"]
[EventCountry "CAN"]
[SourceTitle "EXT 2006"]
[Source "ChessBase"]
[SourceDate "2005.11.24"]
[SourceVersion "1"]
[SourceVersionDate "2005.11.24"]
[SourceQuality "1"]

1. e4 e5 2. Nf3 Nc6 3. Bb5 f5 4. Nc3 fxe4 5. Nxe4 Be7 6. O-O Nf6 7. Nc3 d6 8. d4 Bd7 9. Bxc6 Bxc6 10. dxe5 Bxf3 11. Qxf3 dxe5 12. Qxb7 O-O 13. Rd1 Qe8 14. Qxc7 Bd8 15. Qc4+ Kh8 16. Be3 Qh5 17. h3 Ba5 18. b4 Rac8 19. Qb3 Bb6 20. Bxb6 axb6 21. Rd6 e4 22. Rxb6 Qe5 23. Re6 Qxc3 24. Qxc3 Rxc3 25. Rc1 Ra8 26. Rd1 Rxc2 27. a4 Rc4 28. Rb6 Kg8 29. a5 Nh5 30. a6 Nf4 31. Rd7 h6 32. a7 Nd5 33. Rb8+ Rc8 34. Rxc8+ Rxc8 35. Rxd5 Kf7 36. Ra5 Ra8 37. b5 1-0

[Event "Guelph op U2000"]
[Site "Guelph CAN"]
[Date "2004.07.30"]
[Round "3"]
[White "Laszlo, Robert"]
[Black "Dutton, Mark"]
[Result "0-1"]
[WhiteElo "1843"]
[BlackElo "1912"]
[PlyCount "44"]
[GameId "2160767911096130"]
[EventDate "2004.07.??"]
[EventType "swiss"]
[EventRounds "9"]
[EventCountry "CAN"]
[SourceTitle "EXT 2006"]
[Source "ChessBase"]
[SourceDate "2005.11.24"]
[SourceVersion "1"]
[SourceVersionDate "2005.11.24"]
[SourceQuality "1"]

1. e4 e5 2. Nf3 Nc6 3. Bb5 f5 4. Nc3 fxe4 5. Nxe4 Nf6 6. Qe2 Be7 7. Bxc6 dxc6 8. Nxe5 O-O 9. Qc4+ Nd5 10. O-O Be6 11. Nc5 Bxc5 12. Qxc5 Qh4 13. d3 Rf5 14. g3 Qh3 15. f4 Raf8 16. Bd2 Rh5 17. Rf2 Nf6 18. Bb4 Re8 19. Re1 Ng4 20. Ree2 Nxf2 21. Rxf2 Bd5 22. c4 Qxg3+ 0-1

[Event "Guelph op U2000"]
[Site "Guelph CAN"]
[Date "2004.07.30"]
[Round "4"]
[White "Dutton, Mark"]
[Black "Hendon, Lee"]
[Result "1-0"]
[WhiteElo "1912"]
[BlackElo "1605"]
[PlyCount "80"]
[GameId "2160767911096131"]
[EventDate "2004.07.??"]
[EventType "swiss"]
[EventRounds "9"]
[EventCountry "CAN"]
[SourceTitle "EXT 2006"]
[Source "ChessBase"]
[SourceDate "2005.11.24"]
[SourceVersion "1"]
[SourceVersionDate "2005.11.24"]
[SourceQuality "1"]

1. Nf3 d5 2. g3 Nf6 3. Bg2 Bf5 4. d4 c6 5. O-O e6 6. b3 Bd6 7. Bb2 Nbd7 8. Nbd2 O-O 9. Ne5 c5 10. c4 cxd4 11. Nxd7 Qxd7 12. Bxd4 e5 13. Bb2 d4 14. Nf3 Rfe8 15. Rc1 Rac8 16. a3 a5 17. Re1 Qe7 18. Nh4 Be6 19. a4 Bb4 20. Rf1 Red8 21. Qd3 Nd7 22. Nf5 Qf6 23. e4 Nc5 24. Qf3 Rd7 25. Bh3 Rcd8 26. Kh1 d3 27. g4 Nxb3 28. g5 Qg6 29. Rg1 f6 30. gxf6 Qxf6 31. Qg3 Bxf5 32. Bxf5 Nxc1 33. Rxc1 d2 34. Rd1 Re7 35. f4 Qc6 36. Qb3 Qc5 37. Bxe5 Qf2 38. c5+ Kh8 39. Bd6 Rxd6 40. cxd6 Qf3+ 1-0

[Event "Guelph op U2000"]
[Site "Guelph CAN"]
[Date "2004.08.02"]
[Round "9"]
[White "Dutton, Mark"]
[Black "Knechtel, Tim"]
[Result "1-0"]
[WhiteElo "1912"]
[BlackElo "1763"]
[PlyCount "51"]
[GameId "2160767911096132"]
[EventDate "2004.07.??"]
[EventType "swiss"]
[EventRounds "9"]
[EventCountry "CAN"]
[SourceTitle "EXT 2006"]
[Source "ChessBase"]
[SourceDate "2005.11.24"]
[SourceVersion "1"]
[SourceVersionDate "2005.11.24"]
[SourceQuality "1"]

1. Nf3 d6 2. d4 g6 3. g3 Bg7 4. Bg2 Nd7 5. O-O c6 6. c4 Qc7 7. Nc3 e5 8. b3 Qa5 9. Ne4 exd4 10. Nxd6+ Kf8 11. a4 c5 12. Ng5 Nh6 13. Bd5 Ne5 14. f4 Be6 15. Bxe6 Ke7 16. fxe5 fxe6 17. Ngf7 Nf5 18. Bg5+ Kd7 19. Nxf5 gxf5 20. Nxh8 Rxh8 21. Bf6 Bxf6 22. exf6 Rf8 23. e3 Qc3 24. exd4 cxd4 25. Rf3 Qb2 26. Rb1 1-0

[Event "Guelph op U2300"]
[Site "Guelph CAN"]
[Date "2004.??.??"]
[Round "6"]
[White "Magar, Thomas"]
[Black "Jung, Hans"]
[Result "1/2-1/2"]
[WhiteElo "2099"]
[BlackElo "2196"]
[PlyCount "39"]
[GameId "2160767911096133"]
[EventDate "2004.07.??"]
[EventType "swiss"]
[EventRounds "9"]
[EventCountry "CAN"]
[SourceTitle "EXT 2006"]
[Source "ChessBase"]
[SourceDate "2005.11.24"]
[SourceVersion "1"]
[SourceVersionDate "2005.11.24"]
[SourceQuality "1"]

1. d4 d5 2. c4 e6 3. Nc3 Nf6 4. cxd5 exd5 5. Bg5 c6 6. e3 Be7 7. Qc2 Qa5 8. Nf3 h6 9. Bh4 Na6 10. Be2 Nc7 11. O-O Bg4 12. a3 Bxf3 13. b4 Bxe2 14. bxa5 Bxf1 15. Kxf1 a6 16. Na4 O-O 17. Nb6 Rad8 18. Qf5 Rfe8 19. Bg3 Nb5 20. Qd3 1/2-1/2

[Event "Holidays Open"]
[Site "Toronto CAN"]
[Date "2004.12.26"]
[Round "1"]
[White "Ochkoos, Jura"]
[Black "Veltmann, Martin"]
[Result "1-0"]
[WhiteElo "2286"]
[BlackElo "2001"]
[PlyCount "41"]
[GameId "2160767911031794"]
[EventDate "2004.12.26"]
[EventType "swiss"]
[EventRounds "6"]
[EventCountry "CAN"]

1. e4 c5 2. Nf3 d6 3. d4 cxd4 4. Nxd4 Nf6 5. Nc3 e6 6. Be3 Be7 7. f4 Nc6 8. Qf3 O-O 9. O-O-O Nxd4 10. Bxd4 Qa5 11. e5 dxe5 12. Bxe5 Nd7 13. Bd6 Bxd6 14. Rxd6 Rb8 15. Bd3 Nc5 16. Rd1 b5 17. Bxh7+ Kxh7 18. Qh5+ Kg8 19. Qxc5 Bb7 20. R1d3 Rfc8 21. Qe5 1-0

[Event "Holidays Open"]
[Site "Toronto CAN"]
[Date "2004.12.26"]
[Round "2"]
[White "Veltmann, Martin"]
[Black "Ramenaden, Matthew"]
[Result "1-0"]
[WhiteElo "2001"]
[BlackElo "1810"]
[PlyCount "115"]
[GameId "2160767911031795"]
[EventDate "2004.12.26"]
[EventType "swiss"]
[EventRounds "6"]
[EventCountry "CAN"]

1. Nf3 d5 2. g3 g6 3. Bg2 Bg7 4. O-O Nf6 5. d3 O-O 6. Nbd2 Re8 7. e4 e5 8. exd5 Nxd5 9. Nc4 Nc6 10. Re1 Bg4 11. h3 Bxf3 12. Bxf3 Nd4 13. Bg2 c6 14. c3 Nf5 15. a4 a5 16. Qc2 Qc7 17. Bd2 Nd6 18. Nxd6 Qxd6 19. Rad1 Qc7 20. Re2 Re7 21. Rde1 Rae8 22. Bg5 f6 23. Bc1 Kh8 24. Qb3 Nb6 25. Kh2 f5 26. Bg5 Re6 27. d4 h6 28. Bc1 R6e7 29. dxe5 Nd7 30. f4 Nc5 31. Qc2 Ne6 32. Rf1 Rf7 33. Be3 Rg8 34. Rd2 Rd8 35. Qd1 Rxd2 36. Qxd2 Rd7 37. Qc2 Kh7 38. Rd1 Rxd1 39. Qxd1 Bf8 40. Qd3 h5 41. h4 Be7 42. Bf3 Qd8 43. Qc4 Qd7 44. Kg2 Kg7 45. Kf2 Kf7 46. b4 Qc7 47. b5 cxb5 48. Qxc7 Nxc7 49. Bb6 bxa4 50. Bxc7 Ke6 51. Bd1 Bc5+ 52. Ke2 b6 53. Bxa4 Kd5 54. Bb3+ Kc6 55. Bd6 Bxd6 56. exd6 Kxd6 57. Kd3 Kc5 58. Bf7 1-0

[Event "Holidays Open"]
[Site "Toronto CAN"]
[Date "2004.12.27"]
[Round "3"]
[White "Cliff, Scott"]
[Black "Veltmann, Martin"]
[Result "1/2-1/2"]
[WhiteElo "1786"]
[BlackElo "2001"]
[PlyCount "66"]
[GameId "2160767911031796"]
[EventDate "2004.12.26"]
[EventType "swiss"]
[EventRounds "6"]
[EventCountry "CAN"]

1. d4 Nf6 2. c4 g6 3. Nc3 Bg7 4. e4 O-O 5. Bd3 d6 6. Nge2 Nbd7 7. O-O e5 8. d5 Nc5 9. Bc2 a5 10. a3 Bd7 11. Rb1 Na6 12. b4 b6 13. Ba4 Bxa4 14. Qxa4 axb4 15. axb4 Ng4 16. f3 Nh6 17. Be3 f5 18. Qc6 f4 19. Bf2 g5 20. h3 Nf7 21. c5 dxc5 22. bxc5 Nxc5 23. Bxc5 bxc5 24. Rb7 Rc8 25. Nb5 Nd6 26. Rxc7 Nxb5 27. Rxc8 Qxc8 28. Qxb5 Rf7 29. Rb1 Bf8 30. Qb8 Qc7 31. Nc3 c4 32. Qxc7 Rxc7 33. Kf1 Bc5 1/2-1/2

[Event "Holidays Open"]
[Site "Toronto CAN"]
[Date "2004.12.28"]
[Round "4"]
[White "Veltmann, Martin"]
[Black "Schaefer, Klaus"]
[Result "0-1"]
[WhiteElo "2001"]
[BlackElo "1832"]
[PlyCount "40"]
[GameId "2160767911031797"]
[EventDate "2004.12.26"]
[EventType "swiss"]
[EventRounds "6"]
[EventCountry "CAN"]

1. c4 f5 2. g3 Nf6 3. Bg2 e6 4. Nc3 d5 5. d4 c6 6. b3 Bd6 7. Nh3 O-O 8. O-O Qe8 9. f3 e5 10. dxe5 Bxe5 11. Bb2 Bxc3 12. Bxc3 Qe3+ 13. Nf2 Qxc3 14. Rc1 Qe3 15. Kh1 Re8 16. Rc2 Na6 17. Nd3 Bd7 18. a3 Rad8 19. c5 Nc7 20. Qa1 Nb5 0-1

[Event "Holidays Open"]
[Site "Toronto CAN"]
[Date "2004.12.28"]
[Round "5"]
[White "Veltmann, Martin"]
[Black "Lancia, Nicholas"]
[Result "1-0"]
[WhiteElo "2001"]
[BlackElo "1685"]
[PlyCount "73"]
[GameId "2160767911031798"]
[EventDate "2004.12.26"]
[EventType "swiss"]
[EventRounds "6"]
[EventCountry "CAN"]

1. c4 d5 2. cxd5 Qxd5 3. Nc3 Qd8 4. d4 g6 5. e4 Bg7 6. Be3 Nf6 7. Bc4 O-O 8. Nge2 c6 9. h3 Qa5 10. O-O Nbd7 11. a3 Qd8 12. f4 Nb6 13. Bb3 e6 14. Ng3 Qe7 15. Qf3 Rd8 16. Rad1 Kh8 17. h4 h5 18. f5 Ng4 19. Bg5 Bf6 20. Qf4 Rxd4 21. fxg6 Rxd1 22. Bxf6+ Qxf6 23. Qxf6+ Nxf6 24. Nxd1 Nxe4 25. gxf7 Nd7 26. Nxe4 Nf8 27. Ne3 b6 28. Ng5 e5 29. Rd1 Ba6 30. Rd6 Bc8 31. Rd8 Bb7 32. Rxa8 Bxa8 33. Ne6 Nxe6 34. Bxe6 Kg7 35. Nf5+ Kf8 36. g4 hxg4 37. h5 1-0

[Event "Holidays Open"]
[Site "Toronto CAN"]
[Date "2004.12.28"]
[Round "6"]
[White "Martchenko, Alexander"]
[Black "Veltmann, Martin"]
[Result "0-1"]
[WhiteElo "1817"]
[BlackElo "2001"]
[PlyCount "134"]
[GameId "2160767911031799"]
[EventDate "2004.12.26"]
[EventType "swiss"]
[EventRounds "6"]
[EventCountry "CAN"]

1. e4 c5 2. Nf3 d6 3. d4 cxd4 4. Nxd4 Nf6 5. Nc3 e6 6. Be3 Be7 7. f4 O-O 8. Qf3 Nc6 9. O-O-O Nxd4 10. Bxd4 Qa5 11. e5 dxe5 12. Bxe5 Nd7 13. Bd6 Bxd6 14. Rxd6 Nc5 15. Bd3 Rb8 16. Rd1 Nxd3+ 17. Qxd3 b5 18. Kb1 Bb7 19. Ne4 Bxe4 20. Qxe4 Rbc8 21. R6d3 Rc4 22. Qe5 Ra4 23. a3 Qb6 24. Rb3 a6 25. h4 Qf2 26. g3 Rc4 27. Rc3 Rxc3 28. Qxc3 Qb6 29. h5 h6 30. g4 a5 31. g5 b4 32. axb4 axb4 33. Qe5 Ra8 34. gxh6 gxh6 35. Qd4 Qxd4 36. Rxd4 b3 37. cxb3 Ra5 38. Kc2 Rxh5 39. b4 Kg7 40. Kb3 Rb5 41. Ka4 Rb8 42. b5 h5 43. Ka5 Kf6 44. Ka6 h4 45. f5 Kg5 46. fxe6 fxe6 47. b6 h3 48. Rd2 Ra8+ 49. Kb7 Rh8 50. Rh2 Kg4 51. Ka7 Kg3 52. Rxh3+ Kxh3 53. b7 e5 54. b4 e4 55. b5 e3 56. b6 e2 57. b8=Q Rxb8 58. Kxb8 e1=Q 59. b7 Qb1 60. Kc8 Qc2+ 61. Kd7 Qb3 62. Kc7 Qc4+ 63. Kb6 Qd4+ 64. Kc7 Qc5+ 65. Kd7 Qb6 66. Kc8 Qc6+ 67. Kb8 Kg4 0-1